இரண்டாம் மொழி சிங்களம் தரம் -06

Saved in:
Bibliographic Details
Main Author: பெர்னான்டோ
Format: Book
Published: கொழும்பு கே.வி.பிரின்டர்ஸ் 2015
Tags: Add Tag
No Tags, Be the first to tag this record!

MARC

LEADER 00000nam a22000007a 4500
020 |a - 
082 |a 891.48  |b பெர்னா 
100 |a பெர்னான்டோ 
245 |a இரண்டாம் மொழி சிங்களம் தரம் -06  |c ஆர்தர் ஜோன்ஸ் பெர்னான்டோ 
260 |a கொழும்பு  |b கே.வி.பிரின்டர்ஸ்  |c 2015 
300 |a 54 
942 |c CHBK 
999 |c 13309  |d 13309